000 00777nam a2200181Ia 4500
008 151018s9999 xx 000 0 und d
082 _bRBASDV43977
_a920
100 _aप्रभा पार्दीकर
245 _aचित्रकुट आणि चीत्रकुटचे शिल्पकार
250 _b1
260 _b"अक्षता प्रकाशन, पुणे"
_c2007
300 _a56
600 _aप्रभा पार्दीकर
630 _aचित्रकुट आणि चीत्रकुटचे शिल्पकार
700 _aप्रभा पार्दीकर
730 _aचित्रकुट आणि चीत्रकुटचे शिल्पकार
942 _cBOOK
999 _c1043179
_d1043176